00179nam a2200073Ia 4500008004100000082000800041100001600049245004000065240331s9999 xx 000 0 und d bKES aKesavan, K 0aThiravida Iyakkamum molik kolkaiyum